[Event "Adelaide Lidums op"]
[Site "Adelaide"]
[Date "2018.12.11"]
[Round "3"]
[White "Kiripitige, Punala"]
[Black "Lim, Christopher"]
[Result "1/2-1/2"]
[WhiteElo "1974"]
[BlackElo "1757"]
[PlyCount "175"]
[EventDate "2018.12.10"]
[EventType "swiss"]
[EventRounds "9"]
[EventCountry "AUS"]
[SourceTitle "EXT 2020"]
[Source "ChessBase"]
[SourceDate "2019.10.17"]
[SourceVersion "1"]
[SourceVersionDate "2019.10.17"]
[SourceQuality "1"]

1. Nf3 d5 2. d4 Nf6 3. Bf4 c5 4. c3 Qb6 5. Qb3 c4 6. Qxb6 axb6 7. Na3 Bd7 8. Ne5 Ba4 9. Rc1 e6 10. Nb1 Be7 11. Nd2 Bb5 12. a3 0-0 13. e4 Nc6 14. exd5 exd5 15. Be2 Rfe8 16. 0-0 Bd6 17. Ndf3 Nh5 18. Be3 Nxe5 19. Nxe5 Bxe5 20. Bxh5 Bd6 21. Bg4 Re7 22. Rfe1 Rae8 23. g3 Bc6 24. Kf1 Bd7 25. Bxd7 Rxd7 26. Bf4 Rxe1+ 27. Rxe1 Kf8 28. Bxd6+ Rxd6 29. f4 b5 30. Kf2 f6 31. f5 Kf7 32. Kf3 Rc6 33. Kf4 Rd6 34. Re3 b6 35. Kg4 g6 36. h4 Rc6 37. Kf4 Rd6 38. g4 Rc6 39. fxg6+ hxg6 40. h5 gxh5 41. gxh5 Rc8 42. Kf5 Rh8 43. Rh3 Rh6 44. Kg4 Ke6 45. Rh2 Kf7 46. b3 Kg7 47. bxc4 bxc4 48. Rb2 f5+ 49. Kg5 Re6 50. Kxf5 Re3 51. Rc2 Kh6 52. a4 Kh7 53. Kf4 Re4+ 54. Kf3 Rh4 55. Kg3 Rxh5 56. Kf4 Kg7 57. Rb2 Rh3 58. Ke5 Rxc3 59. Kxd5 Ra3 60. Kxc4 Rxa4+ 61. Kd5 Kf7 62. Rxb6 Ke7 63. Ke5 Ra1 64. Rb7+ Kd8 65. d5 Ra6 66. Rb8+ Kd7 67. Rh8 Rb6 68. Rh7+ Kd8 69. Kd4 Rg6 70. Kc5 Rf6 71. Kb5 Rg6 72. Kc4 Rf6 73. Kd4 Rg6 74. Ke5 Ra6 75. Rb7 Rh6 76. Rg7 Ra6 77. Rg2 Rh6 78. d6 Rh1 79. Rg8+ Kd7 80. Rg7+ Kd8 81. Rg4 Re1+ 82. Kd5 Rd1+ 83. Rd4 Rxd4+ 84. Kxd4 Kd7 85. Kd5 Kd8 86. Ke6 Ke8 87. d7+ Kd8 88. Kd6 1/2-1/2

[Event "Adelaide Lidums op"]
[Site "Adelaide"]
[Date "2018.12.10"]
[Round "2"]
[White "Boldyrev, Nikita"]
[Black "Kiripitige, Punala"]
[Result "1/2-1/2"]
[WhiteElo "979"]
[BlackElo "1974"]
[PlyCount "79"]
[EventDate "2018.12.10"]
[EventType "swiss"]
[EventRounds "9"]
[EventCountry "AUS"]
[SourceTitle "EXT 2020"]
[Source "ChessBase"]
[SourceDate "2019.10.17"]
[SourceVersion "1"]
[SourceVersionDate "2019.10.17"]
[SourceQuality "1"]

1. d4 Nf6 2. c4 g6 3. Nc3 Bg7 4. Nf3 0-0 5. Bg5 c6 6. e3 d6 7. Be2 Qb6 8. Qb3 Nbd7 9. 0-0 e5 10. dxe5 Nxe5 11. Rfd1 Qc7 12. Rd2 Be6 13. Qb4 Rad8 14. Rad1 a5 15. Qb3 Nxf3+ 16. Bxf3 b5 17. Ne4 Nxe4 18. Bxd8 Nxd2 19. Bxc7 Nxb3 20. axb3 bxc4 21. bxc4 Bxb2 22. Bxa5 Ra8 23. Bc7 d5 24. cxd5 Bxd5 25. Bxd5 cxd5 26. Kf1 Ra7 27. Bb6 Ra6 28. Bd4 Bxd4 29. Rxd4 Ra5 30. Ke2 Kg7 31. Kf3 Kf6 32. e4 Ra3+ 33. Ke2 Ra2+ 34. Ke3 dxe4 35. Rxe4 Ra3+ 36. Ke2 h5 37. Re3 Ra2+ 38. Kf3 g5 39. h3 h4 40. Re2 1/2-1/2

[Event "AUS-ch Major"]
[Site "Cammeray"]
[Date "2018.01.11"]
[Round "10"]
[White "Kiripitige, Punala"]
[Black "Daffy, Joseph"]
[Result "0-1"]
[WhiteElo "1939"]
[BlackElo "1626"]
[PlyCount "110"]
[EventDate "2018.01.02"]
[EventType "swiss"]
[EventRounds "11"]
[EventCountry "AUS"]
[SourceTitle "CBM 182 Extra"]
[Source "ChessBase"]
[SourceDate "2018.02.23"]
[SourceVersion "1"]
[SourceVersionDate "2018.02.23"]
[SourceQuality "1"]

1. Nf3 Nf6 2. d4 c5 3. c3 Qc7 4. e3 d5 5. Nbd2 Bf5 6. dxc5 Qxc5 7. Nb3 Qc7 8. Nbd4 Bg6 9. Qa4+ Nbd7 10. Nb5 Qc8 11. Ne5 a6 12. Nxd7 Nxd7 13. Nd4 e5 14. Nf3 Bd6 15. Qb3 Qc6 16. Nh4 b5 17. Nxg6 fxg6 18. Bd2 Rb8 19. Qc2 Kf8 20. Rc1 e4 21. h3 Ne5 22. Be2 g5 23. Rf1 Be7 24. f4 gxf4 25. exf4 Bh4+ 26. Kd1 Nc4 27. b3 Nxd2 28. Qxd2 Bf6 29. Bg4 Ke7 30. Ke2 Rhe8 31. Rfd1 Rbd8 32. Kf1 Kf8 33. Qe3 Qd6 34. Rd2 b4 35. cxb4 d4 36. Qg3 d3 37. Bf5 Qxb4 38. Qe1 e3 39. Rxd3 Qxf4+ 40. Kg1 Qxf5 41. Rxd8 Bxd8 42. Qe2 Qe5 43. Qc2 e2 44. Re1 Bb6+ 45. Kh1 Bc7 46. Kg1 Qh2+ 47. Kf2 Qf4+ 48. Kg1 Bb6+ 49. Kh1 Qf1+ 50. Rxf1+ exf1Q+ 51. Kh2 Bg1+ 52. Kg3 Qe1+ 53. Kf3 Qe3+ 54. Kg4 Re4+ 55. Kf5 Qf4# 0-1

[Event "AUS-ch Major"]
[Site "Cammeray"]
[Date "2018.01.09"]
[Round "8"]
[White "Kiripitige, Punala"]
[Black "Holt, Kenneth P"]
[Result "1/2-1/2"]
[WhiteElo "1939"]
[BlackElo "1825"]
[PlyCount "97"]
[EventDate "2018.01.02"]
[EventType "swiss"]
[EventRounds "11"]
[EventCountry "AUS"]
[SourceTitle "CBM 182 Extra"]
[Source "ChessBase"]
[SourceDate "2018.02.23"]
[SourceVersion "1"]
[SourceVersionDate "2018.02.23"]
[SourceQuality "1"]

1. Nf3 Nf6 2. d4 d5 3. Bf4 e6 4. e3 Bd6 5. Ne5 Nbd7 6. Nd2 0-0 7. Bd3 Qe7 8. 0-0 c5 9. c3 Rd8 10. Qe2 Nf8 11. Bg5 Ng6 12. f4 h6 13. Bxg6 fxg6 14. Nxg6 Qf7 15. Bxf6 Qxf6 16. Ne5 b6 17. Kh1 a5 18. Rg1 Ba6 19. Qf3 Re8 20. g4 Ra7 21. g5 hxg5 22. Rxg5 Rf8 23. Rag1 cxd4 24. cxd4 Rc8 25. Qh5 Bxe5 26. Rxe5 Bd3 27. h3 Rac7 28. Reg5 Rc1 29. Rxc1 Rxc1+ 30. Kh2 g6 31. Rg2 Rc2 32. Qd1 Rxb2 33. Nf3 Rxg2+ 34. Kxg2 Be4 35. Qc1 g5 36. Qc8+ Kg7 37. Qd7+ Kh6 38. Qd6 gxf4 39. exf4 b5 40. Kg3 Bxf3 41. Kxf3 Qf5 42. Kg3 Qd3+ 43. Kg4 Qf5+ 44. Kg3 Qd3+ 45. Kg4 Qf5+ 46. Kh4 b4 47. Kg3 Qd3+ 48. Kh4 Qf5 49. Kg3 1/2-1/2

[Event "AUS-ch Major"]
[Site "Cammeray"]
[Date "2018.01.02"]
[Round "1"]
[White "Kiripitige, Punala"]
[Black "Canfell, Mike J"]
[Result "1/2-1/2"]
[WhiteElo "1939"]
[BlackElo "1844"]
[PlyCount "167"]
[EventDate "2018.01.02"]
[EventType "swiss"]
[EventRounds "11"]
[EventCountry "AUS"]
[SourceTitle "CBM 182 Extra"]
[Source "ChessBase"]
[SourceDate "2018.02.23"]
[SourceVersion "1"]
[SourceVersionDate "2018.02.23"]
[SourceQuality "1"]

1. Nf3 Nf6 2. d4 g6 3. c3 Bg7 4. Bf4 0-0 5. h3 d6 6. Nbd2 Nbd7 7. e3 Qe8 8. Be2 e5 9. Bh2 e4 10. Ng1 Qe7 11. Qc2 Re8 12. 0-0-0 a6 13. Kb1 b5 14. Nb3 Nb6 15. g4 Bd7 16. Na5 Rac8 17. Nb3 Ra8 18. Bf1 a5 19. Ne2 a4 20. Nbc1 c6 21. a3 Rec8 22. Bg2 d5 23. Na2 Nc4 24. Nb4 Ne8 25. Bg3 Be6 26. Nc1 Ned6 27. Nca2 Qd7 28. Rhe1 Rf8 29. Qc1 f5 30. g5 Na5 31. Bf4 Rfe8 32. Rh1 Nf7 33. Rdg1 Bf8 34. h4 Bd6 35. Bf1 Kg7 36. Be2 Qc7 37. h5 Bc8 38. Nc2 Nb3 39. Bxd6 Qxd6 40. Qd1 Bb7 41. Nc1 Na5 42. Rh4 Rh8 43. Qf1 Qe7 44. Qg2 Rag8 45. Qg3 Qd6 46. Rf4 Kf8 47. Ne1 Ke7 48. h6 Re8 49. Ng2 Nd8 50. Ne1 Ne6 51. Rh4 Qxg3 52. Rxg3 f4 53. exf4 Rhf8 54. Ng2 Rf7 55. Bd1 Ref8 56. Ne2 Nc4 57. Kc2 Nd6 58. Rh2 Bc8 59. Rh1 Nf5 60. Rg4 Nc7 61. Kb1 Ne8 62. Ka2 Ned6 63. Kb1 Nc4 64. Ng3 Kd6 65. Nxf5+ Bxf5 66. Rg3 e3+ 67. Bc2 Bxc2+ 68. Kxc2 exf2 69. Rf3 Kd7 70. Rxf2 Nd6 71. Re1 Ne4 72. Rfe2 Re8 73. Kd3 Ref8 74. Kc2 Re8 75. Re3 Ref8 76. R1e2 Rf5 77. Kd3 R5f7 78. Kc2 Rf5 79. Rh3 Re8 80. Rhe3 Rf7 81. Kd3 Rff8 82. Kc2 Rf7 83. Rf3 Ref8 84. Rfe3 1/2-1/2

[Event "South Australia-ch"]
[Site "Adelaide"]
[Date "2017.03.07"]
[Round "5"]
[White "Kiripitige, Punala"]
[Black "Leaver, Kyle"]
[Result "0-1"]
[WhiteElo "1827"]
[BlackElo "1918"]
[PlyCount "29"]
[EventDate "2017.02.07"]
[EventType "tourn"]
[EventRounds "9"]
[EventCountry "AUS"]
[SourceTitle "EXT 2023"]
[Source "ChessBase"]
[SourceDate "2022.10.05"]
[SourceVersion "1"]
[SourceVersionDate "2022.10.05"]
[SourceQuality "1"]

1. e4 e6 2. c4 c5 3. Nf3 Nc6 4. d4 d5 5. exd5 Qxd5 6. Be3 cxd4 7. Nxd4 Nxd4 8. Bxd4 Nf6 9. Qd3 Bd7 10. Nd2 Be7 11. Qg3 Bc6 12. f3 Qf5 13. 0-0-0 0-0 14. Ne4 Nh5 15. Qe1 0-1

[Event "AUS-ch U18"]
[Site "Wahroonga"]
[Date "2014.01.13"]
[Round "2"]
[White "Zelesco, Karl"]
[Black "Kiripitige, Punala"]
[Result "1-0"]
[WhiteElo "2242"]
[BlackElo "1872"]
[PlyCount "117"]
[EventDate "2014.01.11"]
[EventType "swiss"]
[EventRounds "9"]
[EventCountry "AUS"]
[SourceTitle "CBM 158 Extra"]
[Source "ChessBase"]
[SourceDate "2014.02.28"]
[SourceVersion "1"]
[SourceVersionDate "2014.02.28"]
[SourceQuality "1"]

1. e4 e5 2. Nf3 d6 3. d4 exd4 4. Nxd4 Nf6 5. Nc3 Be7 6. Be3 Nbd7 7. f3 a6 8. a4 Ne5 9. Be2 c5 10. Nb3 Be6 11. 0-0 0-0 12. a5 Bc4 13. f4 Bxe2 14. Qxe2 Nc6 15. Rfd1 Qc7 16. Nd5 Nxd5 17. exd5 Nb8 18. Nd2 Bf6 19. Nc4 Nd7 20. Rd3 Rfe8 21. Qf3 b5 22. axb6 Nxb6 23. Nxb6 Qxb6 24. Rb3 Qc7 25. c3 a5 26. Rb5 a4 27. Bf2 Reb8 28. Qe2 Ra5 29. Rxa5 Qxa5 30. Qe4 Qb5 31. Re1 h6 32. Re2 Qb3 33. g4 Qd1+ 34. Kg2 a3 35. bxa3 Rb1 36. Be1 g6 37. h4 Bxh4 38. Bxh4 Qh1+ 39. Kg3 Rg1+ 40. Rg2 Rxg2+ 41. Qxg2 Qe1+ 42. Qf2 Qxc3+ 43. Qf3 Qd2 44. Bf6 Qe1+ 45. Kh3 c4 46. Bc3 Qg1 47. a4 Kh7 48. a5 h5 49. gxh5 Kh6 50. hxg6 fxg6 51. a6 Qb6 52. Qg3 Kh7 53. f5 Kg8 54. Qxg6+ Kf8 55. Bg7+ Ke7 56. Bf6+ Kd7 57. Qf7+ Kc8 58. Qe8+ Kc7 59. Qd8# 1-0

[Event "AUS-ch U12 op"]
[Site "Sandy Bay"]
[Date "2010.01.25"]
[Round "11"]
[White "Nicholls, Stuart"]
[Black "Kiripitige, Punala"]
[Result "0-1"]
[WhiteElo "1042"]
[BlackElo "1332"]
[PlyCount "110"]
[EventDate "2010.01.14"]
[EventType "swiss"]
[EventRounds "11"]
[EventCountry "AUS"]
[SourceTitle "EXT 2011"]
[Source "ChessBase"]
[SourceDate "2010.11.26"]
[SourceVersion "1"]
[SourceVersionDate "2010.11.26"]
[SourceQuality "1"]

1. c4 e5 2. Nc3 Nf6 3. g3 g6 4. Bg2 Bg7 5. e3 0-0 6. Nge2 c6 7. d4 exd4 8. exd4 d6 9. 0-0 Nbd7 10. d5 c5 11. Qb3 Re8 12. a4 Ne5 13. Ne4 Nxe4 14. Bxe4 f5 15. Bg2 b6 16. Bd2 Ba6 17. Rfc1 Nxc4 18. Rxc4 Rxe2 19. Rc2 Re7 20. Bg5 h6 21. Bxe7 Qxe7 22. Qe3 Qxe3 23. fxe3 Re8 24. Kf2 Bd3 25. Rd2 c4 26. a5 b5 27. a6 b4 28. Ra4 b3 29. Rb4 c3 30. Rxd3 c2 31. Rc4 Bxb2 32. Rxb3 c1Q 33. Rxc1 Bxc1 34. Rc3 Bd2 35. Rd3 Bb4 36. Rb3 Bc5 37. Rc3 Rb8 38. Kf3 Rb2 39. h3 g5 40. Bf1 f4 41. Bd3 fxe3 42. Rc2 Rb8 43. Ke4 Kg7 44. Re2 Rb4+ 45. Kf3 Kf6 46. Bh7 Ra4 47. Bd3 Ke5 48. Kg2 Kxd5 49. Kf3 Kd4 50. Rxe3 Rb4 51. Ke2 Rb2+ 52. Kf3 h5 53. Bg6 g4+ 54. hxg4 hxg4+ 55. Kf4 Rf2+ 0-1

[Event "AUS-ch U12 op"]
[Site "Sandy Bay"]
[Date "2010.01.20"]
[Round "7"]
[White "Lim, Ethan"]
[Black "Kiripitige, Punala"]
[Result "1/2-1/2"]
[WhiteElo "972"]
[BlackElo "1332"]
[PlyCount "64"]
[EventDate "2010.01.14"]
[EventType "swiss"]
[EventRounds "11"]
[EventCountry "AUS"]
[SourceTitle "EXT 2011"]
[Source "ChessBase"]
[SourceDate "2010.11.26"]
[SourceVersion "1"]
[SourceVersionDate "2010.11.26"]
[SourceQuality "1"]

1. e4 c5 2. c3 d5 3. exd5 Qxd5 4. Nf3 Nf6 5. d4 Bg4 6. Be2 e6 7. Bf4 Be7 8. 0-0 0-0 9. h3 Bh5 10. Nbd2 Nc6 11. dxc5 Bxc5 12. Nb3 Be7 13. Bg3 Rfd8 14. Nfd4 Bxe2 15. Qxe2 Ne4 16. Rad1 Nxd4 17. Rxd4 Nxg3 18. fxg3 Bc5 19. Nxc5 Qxc5 20. Qf2 Rxd4 21. Qxf7+ Kh8 22. cxd4 Qxd4+ 23. Kh2 h6 24. Qxb7 Rd8 25. Rf7 a5 26. Qe7 Rg8 27. Qxe6 Qxb2 28. Qd5 a4 29. Ra7 Qc2 30. Qb5 Qxa2 31. Rxa4 Qf2 32. Rh4 Rd8 1/2-1/2

[Event "AUS-ch U12"]
[Site "Adelaide"]
[Date "2009.01.12"]
[Round "10"]
[White "Kiripitige, Punala"]
[Black "Gibson, Kyle"]
[Result "1-0"]
[WhiteElo "1151"]
[BlackElo "1207"]
[PlyCount "89"]
[EventDate "2009.01.02"]
[EventType "swiss"]
[EventRounds "11"]
[EventCountry "AUS"]
[SourceTitle "CBM 128 Extra"]
[Source "ChessBase"]
[SourceDate "2009.03.05"]
[SourceVersion "2"]
[SourceVersionDate "2009.03.25"]
[SourceQuality "1"]

1. e4 e6 2. d4 d5 3. Nd2 Nd7 4. Bd3 Bd6 5. e5 Be7 6. Ne2 c5 7. Bb5 Qb6 8. Bxd7+ Bxd7 9. Nf3 f6 10. c3 Bb5 11. Be3 Bxe2 12. Qxe2 Rc8 13. 0-0 cxd4 14. Bxd4 Bc5 15. exf6 Nxf6 16. Bxc5 Qxc5 17. Qxe6+ Kf8 18. Nd4 Re8 19. Qf5 Kf7 20. Rae1 Re7 21. Rxe7+ Qxe7 22. Nf3 Re8 23. h3 Qe2 24. Qb1 Ne4 25. Nd4 Qd2 26. Qc1 Qd3 27. Qc2 Qa6 28. a3 Rd8 29. Re1 Qf6 30. f3 Ng3 31. Qxh7 Re8 32. Rxe8 Kxe8 33. Qg8+ Ke7 34. Qxd5 Qf4 35. Qxb7+ Ke8 36. Qc6+ Ke7 37. Qe6+ Kd8 38. Qe1 Qd6 39. Qd2 Kc8 40. Qg5 g6 41. Qg4+ Kb8 42. Qg5 Kc8 43. Qb5 Qe7 44. Qc4+ Kd7 45. Qc6+ 1-0

[Event "AUS-ch U12"]
[Site "Adelaide"]
[Date "2009.01.06"]
[Round "5"]
[White "Derwent, Ethan"]
[Black "Kiripitige, Punala"]
[Result "0-1"]
[WhiteElo "943"]
[BlackElo "1151"]
[PlyCount "120"]
[EventDate "2009.01.02"]
[EventType "swiss"]
[EventRounds "11"]
[EventCountry "AUS"]
[SourceTitle "CBM 128 Extra"]
[Source "ChessBase"]
[SourceDate "2009.03.05"]
[SourceVersion "2"]
[SourceVersionDate "2009.03.25"]
[SourceQuality "1"]

1. d4 Nf6 2. c4 e6 3. Nc3 Bb4 4. e3 b6 5. Bd3 Bb7 6. Nf3 0-0 7. 0-0 c5 8. a3 cxd4 9. exd4 Bxc3 10. bxc3 d5 11. Bg5 h6 12. Bh4 dxc4 13. Bxc4 Qc7 14. Ne5 Nbd7 15. Nxd7 Nxd7 16. Qd3 Rfc8 17. Bb5 a6 18. Bxd7 Qxd7 19. Rab1 b5 20. Rfc1 Rc5 21. Rb4 Rac8 22. Qe3 Qc6 23. f3 Rxc3 24. Rxc3 Qxc3 25. Qxc3 Rxc3 26. a4 Rc4 27. Rxc4 bxc4 28. Be1 Bc6 29. a5 Bb5 30. Bb4 f5 31. Kf2 Kf7 32. Ke3 Kf6 33. g3 h5 34. h3 g5 35. Bc3 Ke7 36. h4 gxh4 37. gxh4 Bc6 38. Bb4+ Kd7 39. Kf4 Bd5 40. Ke3 Kc6 41. f4 Kb5 42. Be1 Ka4 43. Kd2 Kxa5 44. Kc2+ Kb5 45. Kc3 Be4 46. Bd2 Bd3 47. Bc1 Kc6 48. Kb4 Kd5 49. Kc3 Ke4 50. Bd2 Kf3 51. Kb4 Kg4 52. Kc5 Kxh4 53. Kd6 Kg4 54. Kxe6 h4 55. d5 Be4 56. Be3 h3 57. Bg1 c3 58. d6 Bc6 59. d7 Bxd7+ 60. Kxd7 c2 0-1

[Event "AUS-ch U12"]
[Site "Adelaide"]
[Date "2009.01.04"]
[Round "3"]
[White "Cameron, Lachlan"]
[Black "Kiripitige, Punala"]
[Result "0-1"]
[WhiteElo "759"]
[BlackElo "1151"]
[PlyCount "88"]
[EventDate "2009.01.02"]
[EventType "swiss"]
[EventRounds "11"]
[EventCountry "AUS"]
[SourceTitle "CBM 128 Extra"]
[Source "ChessBase"]
[SourceDate "2009.03.05"]
[SourceVersion "2"]
[SourceVersionDate "2009.03.25"]
[SourceQuality "1"]

1. e4 c5 2. Nf3 d6 3. d4 cxd4 4. Nxd4 Nf6 5. Nc3 a6 6. Bc4 e6 7. Bg5 Be7 8. f3 h6 9. Bh4 Qd7 10. Qe2 Nc6 11. Nxc6 bxc6 12. 0-0-0 0-0 13. e5 Nd5 14. Bxe7 Qxe7 15. Nxd5 cxd5 16. exd6 Qg5+ 17. Kb1 dxc4 18. Qxc4 Bd7 19. f4 Qb5 20. Qd4 Rfc8 21. Qe5 Qxe5 22. fxe5 Rc5 23. Rhe1 Rac8 24. c3 Rd5 25. Rxd5 exd5 26. Rd1 Be6 27. Kc2 f6 28. exf6 gxf6 29. Re1 Kf7 30. b3 Rd8 31. Rd1 Rxd6 32. c4 Rc6 33. Rd4 dxc4 34. bxc4 Rxc4+ 35. Rxc4 Bxc4 36. a3 Bf1 37. g3 Kg6 38. Kd2 Kf5 39. Ke3 Kg4 40. Kf2 Bc4 41. Kg2 Bd5+ 42. Kf2 Kh3 43. Kg1 Bg2 44. g4 Bf3 0-1